000 00496nam a22001937a 4500
003 OSt
005 20240514160043.0
008 240514b |||||||| |||| 00| 0 eng d
020 _a0582237793
040 _cDDC
082 _2Third Edition
_a530.8 BEN 1995
100 _4Bentley John P.
245 _aPrinciples of Measurement System.
260 _aAsia,
_bPearson Education,
_c1995.
300 _axi;467p,
_bill,
_c24.5cm.
504 _aIndex
650 _aPhysics
_9809
942 _2ddc
_cO_SHELF
999 _c8333
_d8333